| 000 | 00862nam a2200217Ia 4500 | ||
|---|---|---|---|
| 999 |
_c41530 _d41530 |
||
| 001 | 8197 | ||
| 003 | GE_BSU | ||
| 005 | 20221005123622.0 | ||
| 008 | 181216s1997ge xx |||||||||||||| ||geo|| | ||
| 040 | _cGE_BSU | ||
| 041 | _ageo | ||
| 080 | _a821.353.1-1 დ-90 | ||
| 100 |
_aდუმბაძე, ნიკოლოზ. _99048 |
||
| 245 |
_aჩემი საგალობელი : _bლექსები / _cნიკოლოზ დუმბაძე, რედ.ზურაბ ფირცხალაიშვილი. |
||
| 264 |
_aბათუმი : _bაჭარა, _c1977. |
||
| 300 |
_a17გვ .: _b19 სმ. |
||
| 653 | _aლექსები. | ||
| 653 | _aჩემი საგალობელი. | ||
| 700 |
_aფირცხალაიშვილი, ზურაბ _eრედაქტორი _94718 |
||
| 942 |
_cBK _2udc |
||